00846nab a2200241 uc450000100070000000500170000700800410002403500110006503500210007604000130009704100080011010000410011824500620015965000450022165000280026665000350029465000330032965000210036270000410038377301510042494200100057599900190058555946420240312091003.0991027e19940115 spa  a559464 a(OCoLC)819815745 ccomduadb aspa10aBorgnino, Nathalie4auteaut950202013aLa ceramica del sitio Papagayo, Bahia Culebra, Costa Rica 7aExcavaciones arqueológicas2lemb92310 aArte precolombino91362 0aCerámica precolombina942787 aRelaciones culturales920016 aCosta Rica9472210aLauthelin, Valerie4auteaut93008530 tVínculos : Revista de Antropología del Museo Nacional de Costa RicagVol. 18-19, No. 01-02, Ene-Dic. 1994, p. 11-120w249611x0304-3703094810 cARIMP c135615d135615